000 00380nam a2200145Ia 4500
008 200103s9999||||xx |||||||||||||| ||und||
040 _aIMU-MPC
082 _aColumn-48
100 _aBrooks, W. H.
245 0 _aStrength and Elasticity of Materials and Theory of Structures, Vol. 1
250 _aVol. 1
260 _bMacdonald & Co., London
_c1950
300 _a141
942 _cBK
999 _c9649
_d9649